| 000 | 00531nam a2200217 a 4500 | ||
|---|---|---|---|
| 999 |
_c10102 _d10102 |
||
| 001 | 10102 | ||
| 003 | BD-JhCC | ||
| 005 | 20180417185800.0 | ||
| 008 | 180417s e a|||| || | 000 0 eng d | ||
| 035 | _a(BD-JhCC)10102 | ||
| 040 |
_aBD-JhCC _dBD-JhCC |
||
| 041 | _aeng | ||
| 082 |
_a797.21 _bHEL |
||
| 100 | _aElkington, Helen | ||
| 245 |
_aBetter Swimming / _cHelen Elkington, |
||
| 260 |
_aLondon : _bOrient Paperbacks, |
||
| 300 |
_a128 p. : _bill. ; _c16 cm. |
||
| 650 | _aSwimming | ||
| 942 |
_2ddc _cBK |
||